Acción y procedimiento en la tutela (Registro nro. 15483)

Detalles MARC
000 -LEADER
fixed length control field 01058cam a2200277 a 4500
003 - CONTROL NUMBER IDENTIFIER
control field OSt
005 - DATE AND TIME OF LATEST TRANSACTION
control field 20210324153517.0
008 - FIXED-LENGTH DATA ELEMENTS--GENERAL INFORMATION
fixed length control field 030724s2001 ck r 001 0 spa d
020 ## - INTERNATIONAL STANDARD BOOK NUMBER
International Standard Book Number 958635413X
040 ## - CATALOGING SOURCE
Original cataloging agency DLC
Transcribing agency CO-JMCR
041 0# - LANGUAGE CODE
Language code of text/sound track or separate title spa
043 ## - GEOGRAPHIC AREA CODE
Geographic area code s-ck---
082 04 - DEWEY DECIMAL CLASSIFICATION NUMBER
Classification number 342.066 /
Item number D852a
Edition number 23
100 1# - MAIN ENTRY--PERSONAL NAME
Personal name Dueñas Ruiz, Oscar José
Relator term autor
9 (RLIN) 12418
245 10 - TITLE STATEMENT
Title Acción y procedimiento en la tutela
Remainder of title ampliada con la jurisprudencia de la actual Corte Constitucional
Statement of responsibility, etc. Óscar José Dueñas Ruiz
250 ## - EDITION STATEMENT
Edition statement Cuarta edición
260 ## - PUBLICATION, DISTRIBUTION, ETC.
Place of publication, distribution, etc. Bogotá :
Name of publisher, distributor, etc. Librería del Profesional,
Date of publication, distribution, etc. 2001.
300 ## - PHYSICAL DESCRIPTION
Extent xxxix, 595 páginas ;
Dimensions 23 cm.
500 ## - GENERAL NOTE
General note Incluye índice.
505 0# - FORMATTED CONTENTS NOTE
Formatted contents note Acción de tutela. -- Jurisprudencia de la corte constitucional. -- Procedimiento. -- Convenios, pactos, leyes, decretos y resoluciones.
650 24 - SUBJECT ADDED ENTRY--TOPICAL TERM
Topical term or geographic name entry element Recurso de amparo
Geographic subdivision Colombia
9 (RLIN) 36499
650 24 - SUBJECT ADDED ENTRY--TOPICAL TERM
Topical term or geographic name entry element Recursos (Derecho)
Geographic subdivision Colombia
9 (RLIN) 36500
650 24 - SUBJECT ADDED ENTRY--TOPICAL TERM
Topical term or geographic name entry element Derecho constitucional
Geographic subdivision Colombia
9 (RLIN) 8125
710 1# - ADDED ENTRY--CORPORATE NAME
Corporate name or jurisdiction name as entry element Colombia
Subordinate unit Corte Constitucional
9 (RLIN) 36501
942 ## - ADDED ENTRY ELEMENTS (KOHA)
Source of classification or shelving scheme Dewey Decimal Classification
Koha item type Books
Existencias
Withdrawn status Lost status Source of classification or shelving scheme Damaged status Not for loan Home library Current library Shelving location Date acquired Source of acquisition Total Checkouts Total Renewals Full call number Barcode Date last seen Date last checked out Copy number Price effective from Koha item type
    Dewey Decimal Classification     Biblioteca Pública José María del Castillo y Rada Biblioteca Pública José María del Castillo y Rada General Stacks   Donación 7 5 342.066 / D852a 201810979 11/08/2024 10/04/2024 Ej.1   Books